Finance 4.0 - Towards a Socio-Ecological Finance System (Record no. 21236)

MARC details
000 -LEADER
fixed length control field 00986nam a2200121Ia 4500
008 - FIXED-LENGTH DATA ELEMENTS--GENERAL INFORMATION
fixed length control field 220616s9999||||xx |||||||||||||| ||und||
245 #0 - TITLE STATEMENT
Title Finance 4.0 - Towards a Socio-Ecological Finance System
Remainder of title A Participatory Framework to Promote Sustainability
546 ## - LANGUAGE NOTE
Language note English[eng]
650 ## - SUBJECT ADDED ENTRY--TOPICAL TERM
Topical term or geographic name entry element Professional Computing||Financial Engineering||Capital Markets||Macroeconomics/Monetary Economics//Financial Economics||Blockchain||Financial Technology and Innovation||Macroeconomics and Monetary Economics||Future Money||Socio-Ecological Finance||Blockchain-Based Incentive Systems||Sustainable Development Goals||Distributed Ledger Technology||Cryptoeconomics||Token Engineering||Open Access||Applied computing||Finance||Macroeconomics||Monetary economics
700 ## - ADDED ENTRY--PERSONAL NAME
Personal name Dapp, Marcus M.||Helbing, Dirk||Klauser, Stefan
856 ## - ELECTRONIC LOCATION AND ACCESS
Uniform Resource Identifier <a href="https://library.oapen.org/bitstream/20.500.12657/49519/1/9783030714000.pdf||https://library.oapen.org/bitstream/20.500.12657/49519/1/9783030714000.pdf">https://library.oapen.org/bitstream/20.500.12657/49519/1/9783030714000.pdf||https://library.oapen.org/bitstream/20.500.12657/49519/1/9783030714000.pdf</a>
942 ## - ADDED ENTRY ELEMENTS (KOHA)
Koha item type E-Books
Holdings
Withdrawn status Lost status Damaged status Not for loan Home library Current library Date acquired Total Checkouts Date last seen Price effective from Koha item type
        Kerala University of Digital Sciences, Innovation and Technology Knowledge Centre Kerala University of Digital Sciences, Innovation and Technology Knowledge Centre 16/06/2022   16/06/2022 16/06/2022 E-Books